Sexual orientations/genders/intersex flags - Statistics

General Stats
  • This quiz has been taken 126 times
  • The average score is 11 of 15
Answer Stats
Question Answer % Correct
What is the Bisexual pride flag?
90%
What is the LGBT pride flag?
90%
What is the Transgender pride flag?
86%
What is the Pansexual pride flag?
83%
What is the Intersex pride flag?
83%
What is the Asexual pride flag?
76%
What is the Gay pride flag?
76%
What is the Genderqueer pride flag?
69%
What is the Non-binary pride flag?
66%
What is the Genderfluid flag?
66%
What is the Aromantic pride flag?
66%
What is the Bigender pride flag?
62%
What is the Demisexual pride flag?
59%
What is the Polysexual pride flag?
59%
What is the Agender pride flag?
59%
No matching quizzes found
Score Distribution
Percent of People with Each Score
Percentile by Number Answered
Your Score History
You have not taken this quiz